[Event "Titled Tuesday intern op 04th Feb Early"]
[Site "Chess.com INT"]
[Date "2025.02.04"]
[Round "3"]
[White "Bellahcene, Bilel"]
[Black "Solovjov, Alexandr"]
[Result "1-0"]
[WhiteElo "2502"]
[BlackElo "2237"]
[PlyCount "69"]
[EventDate "2025.02.04"]
[EventType "swiss (blitz)"]
[EventRounds "11"]
[EventCountry "USA"]
[SourceTitle "CB07_2025"]
[SourceDate "2025.02.12"]
[SourceVersion "1"]
[SourceVersionDate "2025.02.12"]
[SourceQuality "1"]

1. d4 Nf6 2. Nf3 d6 3. g3 g6 4. Bg2 Bg7 5. 0-0 0-0 6. a4 Nc6 7. Re1 a6 8. Nc3 Rb8 9. e4 Bg4 10. h3 Bxf3 11. Bxf3 e5 12. d5 Nd4 13. Bg2 b5 14. axb5 axb5 15. Be3 b4 16. Ne2 Nxe2+ 17. Qxe2 Nd7 18. Qc4 f5 19. exf5 gxf5 20. Ra7 Rc8 21. Qxb4 f4 22. gxf4 Qh4 23. Qe4 Nf6 24. Qf5 Rce8 25. Rxc7 exf4 26. Bd2 Ne4 27. Qd7 Qxf2+ 28. Kh1 Qg3 29. Qxg7+ Qxg7 30. Rxg7+ Kxg7 31. Rxe4 f3 32. Bxf3 Rxe4 33. Bxe4 Rf2 34. Bc3+ Kg8 35. Kg1 1-0

[Event "Titled Tuesday intern op 04th Feb Early"]
[Site "Chess.com INT"]
[Date "2025.02.04"]
[Round "7"]
[White "Garcia Garcia, Adrian Antonio"]
[Black "Solovjov, Alexandr"]
[Result "1-0"]
[WhiteElo "2140"]
[BlackElo "2237"]
[PlyCount "57"]
[EventDate "2025.02.04"]
[EventType "swiss (blitz)"]
[EventRounds "11"]
[EventCountry "USA"]
[SourceTitle "CB07_2025"]
[SourceDate "2025.02.12"]
[SourceVersion "1"]
[SourceVersionDate "2025.02.12"]
[SourceQuality "1"]

1. e4 e5 2. Nf3 Nc6 3. Bc4 Be7 4. c3 Nf6 5. Qe2 0-0 6. h3 Re8 7. 0-0 Bf8 8. d3 h6 9. b4 d5 10. Bb3 d4 11. b5 Na5 12. cxd4 Nxb3 13. axb3 exd4 14. Bf4 Be6 15. Nbd2 Qd7 16. Nc4 c6 17. b6 Bxc4 18. bxc4 axb6 19. Be5 Qe6 20. Bxd4 Bc5 21. Bc3 Rad8 22. Rad1 b5 23. cxb5 cxb5 24. Qb2 Qc6 25. Bxf6 gxf6 26. d4 Bf8 27. d5 Qc4 28. Rd4 Bg7 29. Rxc4 1-0

[Event "Titled Tuesday intern op 04th Feb Early"]
[Site "Chess.com INT"]
[Date "2025.02.04"]
[Round "4"]
[White "Solovjov, Alexandr"]
[Black "Winkels, Marcel"]
[Result "1-0"]
[WhiteElo "2237"]
[BlackElo "1890"]
[PlyCount "71"]
[EventDate "2025.02.04"]
[EventType "swiss (blitz)"]
[EventRounds "11"]
[EventCountry "USA"]
[SourceTitle "CB07_2025"]
[SourceDate "2025.02.12"]
[SourceVersion "1"]
[SourceVersionDate "2025.02.12"]
[SourceQuality "1"]

1. d4 Nf6 2. c4 g6 3. Nc3 d5 4. cxd5 Nxd5 5. e4 Nxc3 6. bxc3 c5 7. Nf3 Bg7 8. Bb5+ Bd7 9. Rb1 0-0 10. 0-0 a6 11. Bxd7 Qxd7 12. Be3 b5 13. Ne5 Qc7 14. f4 Nc6 15. Nxc6 Qxc6 16. d5 Qc7 17. e5 Rfd8 18. Qf3 f6 19. exf6 Bxf6 20. f5 Qe5 21. fxg6 hxg6 22. Rbd1 Qxc3 23. Qg3 Kf7 24. Rf3 Qb4 25. h3 Qa4 26. Rdf1 Qxa2 27. Bg5 Rd6 28. Bxf6 Rxf6 29. Rxf6+ exf6 30. Qc7+ Kg8 31. d6 Qd5 32. d7 Qd4+ 33. Kh1 Qe5 34. Qc8+ Kg7 35. Qxa8 Qd5 36. d8Q 1-0

[Event "Titled Tuesday intern op 28th Jan Early"]
[Site "Chess.com INT"]
[Date "2025.01.28"]
[Round "4"]
[White "Colville, Julian"]
[Black "Solovjov, Alexandr"]
[Result "1-0"]
[WhiteElo "2166"]
[BlackElo "2237"]
[PlyCount "73"]
[EventDate "2025.01.28"]
[EventType "swiss (blitz)"]
[EventRounds "11"]
[EventCountry "USA"]
[SourceTitle "CB06_2025"]
[SourceDate "2025.02.05"]
[SourceVersion "1"]
[SourceVersionDate "2025.02.05"]
[SourceQuality "1"]

1. e4 e5 2. Nf3 Nc6 3. Nc3 Nf6 4. d4 exd4 5. Nd5 h6 6. Bc4 Bc5 7. 0-0 0-0 8. a3 Nxe4 9. b4 Bb6 10. Bb2 d6 11. a4 a6 12. Nxb6 cxb6 13. b5 Ne5 14. Qxd4 Nxf3+ 15. gxf3 Nf6 16. Kh1 Bf5 17. Rg1 Kh8 18. f4 Be4+ 19. Rg2 Bxg2+ 20. Kxg2 Qe7 21. f3 axb5 22. Bxb5 Nh5 23. Kh1 Qf6 24. Qxf6 Nxf6 25. Rd1 Rfd8 26. Bd4 Rac8 27. Bxb6 Rf8 28. c4 Nh5 29. f5 Nf4 30. Rxd6 g6 31. Bd4+ Kh7 32. fxg6+ Nxg6 33. Bf6 Rc7 34. Bd4 Nf4 35. c5 Ne6 36. Bd3+ Kg8 37. Be3 1-0

[Event "Titled Tuesday intern op 28th Jan Early"]
[Site "Chess.com INT"]
[Date "2025.01.28"]
[Round "10"]
[White "Gusev, Mikhail"]
[Black "Solovjov, Alexandr"]
[Result "1-0"]
[WhiteElo "2273"]
[BlackElo "2237"]
[PlyCount "141"]
[EventDate "2025.01.28"]
[EventType "swiss (blitz)"]
[EventRounds "11"]
[EventCountry "USA"]
[SourceTitle "CB06_2025"]
[SourceDate "2025.02.05"]
[SourceVersion "1"]
[SourceVersionDate "2025.02.05"]
[SourceQuality "1"]

1. d4 Nf6 2. Nf3 d5 3. g3 c5 4. Bg2 Nc6 5. 0-0 e6 6. c4 Be7 7. dxc5 Bxc5 8. Bg5 dxc4 9. Qxd8+ Nxd8 10. Nbd2 c3 11. bxc3 0-0 12. Bxf6 gxf6 13. Ne4 Be7 14. Rfd1 Nc6 15. Nd4 Ne5 16. Rab1 Rb8 17. f4 Nc4 18. Nc6 bxc6 19. Rxb8 f5 20. Ng5 Ne3 21. Rdb1 Nxg2 22. Kxg2 Ba6 23. Rxf8+ Bxf8 24. Nf3 Bxe2 25. Nd4 Bd3 26. Rb8 Be4+ 27. Kf2 Kg7 28. Nb3 c5 29. Ke3 c4 30. Nd4 Bc5 31. Kd2 Bd5 32. Rd8 Bb6 33. Rd7 Kf6 34. a3 h6 35. h4 Bc5 36. Rc7 Bxa3 37. Nb5 Bf8 38. Rxa7 Bc5 39. Rc7 Bf2 40. Nd6 Bxg3 41. Rxf7+ Kg6 42. Rd7 Bxf4+ 43. Ke2 Bxd6 44. Rxd6 Kh5 45. Ke3 Kxh4 46. Kf4 h5 47. Rd7 Kh3 48. Rh7 h4 49. Rh6 Be4 50. Rxe6 Kg2 51. Rg6+ Kh2 52. Rh6 h3 53. Ke3 Kg3 54. Rg6+ Kh2 55. Kf2 Bg2 56. Rg7 f4 57. Rg5 f3 58. Rc5 Kh1 59. Rxc4 h2 60. Rh4 Bf1 61. Kxf1 f2 62. Rxh2+ Kxh2 63. Kxf2 Kh3 64. Kf3 Kh4 65. Kf4 Kh5 66. Kf5 Kh6 67. Kf6 Kh7 68. Kf7 Kh8 69. c4 Kh7 70. c5 Kh6 71. c6 1-0

[Event "Titled Tuesday intern op 28th Jan Early"]
[Site "Chess.com INT"]
[Date "2025.01.28"]
[Round "1"]
[White "Solovjov, Alexandr"]
[Black "Carter, Emmanuel"]
[Result "0-1"]
[WhiteElo "2237"]
[BlackElo "2042"]
[PlyCount "62"]
[EventDate "2025.01.28"]
[EventType "swiss (blitz)"]
[EventRounds "11"]
[EventCountry "USA"]
[SourceTitle "CB06_2025"]
[SourceDate "2025.02.05"]
[SourceVersion "1"]
[SourceVersionDate "2025.02.05"]
[SourceQuality "1"]

1. d4 Nf6 2. c4 e6 3. Nf3 d5 4. cxd5 exd5 5. Nc3 Be7 6. Bg5 Nbd7 7. e3 0-0 8. Bd3 h6 9. Bh4 c5 10. 0-0 cxd4 11. exd4 Nb6 12. Ne5 Be6 13. f4 Rc8 14. f5 Bd7 15. Qf3 Bc6 16. Rae1 Re8 17. g4 Nc4 18. Bxc4 dxc4 19. Nxc6 Rxc6 20. d5 Nxd5 21. Qxd5 Bxh4 22. Rxe8+ Qxe8 23. Ne4 Qd8 24. Rd1 Qb6+ 25. Kg2 Qxb2+ 26. Rd2 Qb6 27. f6 Bxf6 28. Ng3 c3 29. Rf2 Rd6 30. Qc4 Qc6+ 31. Qxc6 Rxc6 0-1

[Event "Titled Tuesday intern op 21st Jan Late"]
[Site "Chess.com INT"]
[Date "2025.01.21"]
[Round "1"]
[White "Abrashkin, Boris Vladimirovich"]
[Black "Solovjov, Alexandr"]
[Result "1/2-1/2"]
[WhiteElo "2407"]
[BlackElo "2237"]
[PlyCount "76"]
[EventDate "2025.01.21"]
[EventType "swiss (blitz)"]
[EventRounds "11"]
[EventCountry "USA"]
[SourceTitle "CB05_2025"]
[SourceDate "2025.01.29"]
[SourceVersion "1"]
[SourceVersionDate "2025.01.29"]
[SourceQuality "1"]

1. d4 Nf6 2. c4 e6 3. Nc3 Bb4 4. Bg5 c5 5. d5 exd5 6. cxd5 d6 7. e3 h6 8. Bh4 Nbd7 9. Bb5 a6 10. Bxd7+ Bxd7 11. Nge2 g5 12. Bg3 Qe7 13. 0-0 Nh5 14. Qd3 Nxg3 15. Nxg3 h5 16. Nf5 Qe5 17. e4 Bxc3 18. bxc3 Bxf5 19. exf5 0-0 20. Rae1 Qf6 21. Re3 Rfe8 22. Rfe1 Rxe3 23. Rxe3 b5 24. h4 gxh4 25. Qe4 Kg7 26. g3 Rg8 27. Kh2 hxg3+ 28. Rxg3+ Kf8 29. Re3 Kg7 30. Qf4 h4 31. Kh3 Qh6 32. Qe4 Qf6 33. Rf3 Kf8 34. Re3 Qg5 35. Qe8+ Kg7 36. Qe4 Kf8 37. Qe8+ Kg7 38. Qe4 Kf8 1/2-1/2

[Event "Titled Tuesday intern op 21st Jan Late"]
[Site "Chess.com INT"]
[Date "2025.01.21"]
[Round "10"]
[White "Bauml, Broderick Kenneth"]
[Black "Solovjov, Alexandr"]
[Result "1-0"]
[WhiteElo "2068"]
[BlackElo "2237"]
[PlyCount "115"]
[EventDate "2025.01.21"]
[EventType "swiss (blitz)"]
[EventRounds "11"]
[EventCountry "USA"]
[SourceTitle "CB05_2025"]
[SourceDate "2025.01.29"]
[SourceVersion "1"]
[SourceVersionDate "2025.01.29"]
[SourceQuality "1"]

1. e4 e5 2. Nf3 Nc6 3. d4 exd4 4. Nxd4 Nf6 5. Nxc6 bxc6 6. Nd2 Be7 7. e5 Nd5 8. c4 Nb6 9. Bd3 d6 10. exd6 cxd6 11. Qc2 h6 12. 0-0 0-0 13. Nf3 Bg4 14. Nd4 Qd7 15. Bf4 Bf6 16. Nf5 d5 17. Ne3 Be6 18. c5 Nc4 19. Nxc4 dxc4 20. Bxc4 Bxc4 21. Qxc4 Bxb2 22. Rad1 Qf5 23. Bd6 Rfe8 24. Qa6 Qe4 25. Rb1 Bd4 26. Rb7 Qe2 27. Qxe2 Rxe2 28. Rc7 Rae8 29. Bg3 Bxc5 30. Rxc6 Bb6 31. a4 Ra2 32. Rc4 Ree2 33. Rc8+ Kh7 34. Rc4 h5 35. h4 Rec2 36. Rxc2 Rxc2 37. Ra1 Bd4 38. Ra3 Bc5 39. Rf3 f6 40. a5 Kg6 41. Rb3 Rc1+ 42. Kh2 Ra1 43. Rb5 Bd4 44. Rd5 Bc3 45. Bc7 Ra2 46. Kg3 Be1 47. Rb5 Bxf2+ 48. Kh3 Ra3+ 49. g3 Be1 50. Kg2 Ra2+ 51. Kh3 Ra3 52. Rd5 Kf7 53. Rd7+ Kg6 54. Rd5 Kf7 55. Rxh5 g6 56. Rb5 f5 57. Bd6 Ke6 58. Bxa3 1-0

[Event "Titled Tuesday intern op 21st Jan Late"]
[Site "Chess.com INT"]
[Date "2025.01.21"]
[Round "5"]
[White "Solovjov, Alexandr"]
[Black "Nielsen Refs, Karl Emil Elmer"]
[Result "1-0"]
[WhiteElo "2237"]
[BlackElo "2095"]
[PlyCount "67"]
[EventDate "2025.01.21"]
[EventType "swiss (blitz)"]
[EventRounds "11"]
[EventCountry "USA"]
[SourceTitle "CB05_2025"]
[SourceDate "2025.01.29"]
[SourceVersion "1"]
[SourceVersionDate "2025.01.29"]
[SourceQuality "1"]

1. d4 Nf6 2. c4 c5 3. d5 g6 4. Nc3 Bg7 5. e4 d6 6. Nf3 Bg4 7. Be2 0-0 8. h3 Bxf3 9. Bxf3 Nbd7 10. 0-0 e6 11. dxe6 fxe6 12. Bg5 Ne5 13. Be2 Qe7 14. Qd2 Nc6 15. f4 Nd4 16. e5 dxe5 17. fxe5 Qd7 18. Rad1 Nh5 19. Bxh5 gxh5 20. Qe3 Rf5 21. Rxf5 exf5 22. Nd5 Re8 23. Bf4 Qe6 24. Re1 Nc2 25. Qg3 Nxe1 26. Qxe1 Bxe5 27. Qg3+ Bg7 28. Kh2 Kf7 29. Qg5 Qg6 30. Qh4 Bf6 31. Nxf6 Qxf6 32. Qxh5+ Qg6 33. Qh4 Re4 34. Qf2 1-0

[Event "Titled Tuesday intern op 24th Sep Early"]
[Site "Chess.com INT"]
[Date "2024.09.24"]
[Round "9"]
[White "Solovjov, Alexandr"]
[Black "Koridze, Lile"]
[Result "1-0"]
[WhiteElo "2237"]
[BlackElo "2106"]
[PlyCount "81"]
[EventDate "2024.09.24"]
[EventType "swiss (blitz)"]
[EventRounds "11"]
[EventCountry "USA"]
[SourceTitle "EXT 2025"]
[Source "ChessBase"]
[SourceDate "2024.10.14"]
[SourceVersion "1"]
[SourceVersionDate "2024.10.14"]
[SourceQuality "1"]

1. e4 c5 2. Nf3 d6 3. d4 cxd4 4. Nxd4 Nf6 5. Nc3 a6 6. Be3 e5 7. Nb3 Be7 8. f3 0-0 9. Qd2 Be6 10. 0-0-0 b5 11. g4 Nbd7 12. g5 Nh5 13. h4 Nb6 14. Na5 Qc7 15. Kb1 b4 16. Bxb6 Qxb6 17. Nd5 Qxa5 18. Nxe7+ Kh8 19. b3 Qb6 20. Qxd6 Qf2 21. Qxe5 Ng3 22. h5 Rac8 23. Bd3 Rc5 24. Qd6 Re8 25. Rhg1 Nxh5 26. Nf5 Bxf5 27. exf5 Qxf3 28. Qxc5 Qa8 29. g6 fxg6 30. fxg6 h6 31. Rge1 Rf8 32. Qd4 Nf6 33. Bc4 a5 34. Bd5 Qd8 35. Bf7 Qc7 36. Qd6 Qc8 37. Qe7 Ng8 38. Bxg8 Rxg8 39. Rh1 Qg4 40. Rxh6+ gxh6 41. Qh7# 1-0

[Event "Titled Tuesday intern op 24th Sep Early"]
[Site "Chess.com INT"]
[Date "2024.09.24"]
[Round "1"]
[White "Vlassov, Nikolai"]
[Black "Solovjov, Alexandr"]
[Result "1-0"]
[WhiteElo "2291"]
[BlackElo "2237"]
[PlyCount "121"]
[EventDate "2024.09.24"]
[EventType "swiss (blitz)"]
[EventRounds "11"]
[EventCountry "USA"]
[SourceTitle "EXT 2025"]
[Source "ChessBase"]
[SourceDate "2024.10.14"]
[SourceVersion "1"]
[SourceVersionDate "2024.10.14"]
[SourceQuality "1"]

1. e4 c5 2. c3 d5 3. exd5 Qxd5 4. d4 Nf6 5. Nf3 Bf5 6. c4 Qd7 7. Nc3 Nc6 8. Be3 cxd4 9. Nxd4 Nxd4 10. Qxd4 Qxd4 11. Bxd4 a6 12. 0-0-0 0-0-0 13. Bxf6 Rxd1+ 14. Kxd1 exf6 15. Be2 Bc5 16. Rf1 Rd8+ 17. Kc1 Bd4 18. Nd5 Be4 19. Bf3 Bxf3 20. gxf3 Re8 21. Nf4 g5 22. Nd3 f5 23. Kd2 f4 24. Re1 Rxe1 25. Kxe1 Kd7 26. Ke2 Kc6 27. b4 b5 28. c5 Kd5 29. Kd2 f6 30. Kc2 Kc4 31. a3 Kd5 32. Kb3 h5 33. h3 f5 34. Kc2 Kc6 35. Kb3 Kd5 36. a4 Kc6 37. axb5+ axb5 38. Kc2 Kd5 39. Kd2 Kc6 40. Ke2 Kd5 41. Nc1 Bc3 42. Na2 Bd4 43. Nc1 Bc3 44. Nd3 Bd4 45. h4 gxh4 46. Nxf4+ Kc4 47. c6 Be5 48. Ne6 h3 49. Kf1 h4 50. c7 Bxc7 51. Nxc7 Kxb4 52. Kg1 Kc4 53. Na6 b4 54. Nxb4 Kxb4 55. Kh2 Kc3 56. Kxh3 Kd2 57. Kxh4 Ke2 58. f4 Kf3 59. Kg5 Ke4 60. f3+ Kxf3 61. Kxf5 1-0

[Event "Titled Tuesday intern op 17th Sep Early"]
[Site "Chess,com INT"]
[Date "2024.09.17"]
[Round "3"]
[White "Solovjov, Alexandr"]
[Black "Martic, Ivan"]
[Result "1-0"]
[WhiteElo "2237"]
[BlackElo "2233"]
[PlyCount "77"]
[EventDate "2024.09.17"]
[EventType "swiss (blitz)"]
[EventRounds "11"]
[EventCountry "USA"]
[SourceTitle "EXT 2025"]
[Source "ChessBase"]
[SourceDate "2024.10.14"]
[SourceVersion "1"]
[SourceVersionDate "2024.10.14"]
[SourceQuality "1"]

1. e4 c5 2. Nf3 d6 3. d4 cxd4 4. Nxd4 Nf6 5. Nc3 Nc6 6. Bg5 e6 7. Bb5 Bd7 8. Qd3 Be7 9. 0-0-0 0-0 10. f4 h6 11. Bxf6 Bxf6 12. Bxc6 bxc6 13. g4 d5 14. e5 Be7 15. f5 Bg5+ 16. Kb1 Re8 17. f6 c5 18. Nf3 Bf4 19. Ne2 gxf6 20. Nxf4 fxe5 21. Nxe5 Rb8 22. Nh5 Bb5 23. Qf3 Rf8 24. Rhg1 f6 25. Ng6 Rf7 26. Ngf4 Qd6 27. h4 Bc6 28. g5 fxg5 29. hxg5 d4 30. gxh6+ Kh8 31. Qg4 Rbf8 32. Ng6+ Kh7 33. Nxf8+ Qxf8 34. Qg6+ Kh8 35. Ng7 Rf6 36. Qg5 Bd5 37. b3 c4 38. Nh5 cxb3 39. Qxf6+ 1-0

[Event "Titled Tuesday intern op 17th Sep Early"]
[Site "Chess,com INT"]
[Date "2024.09.17"]
[Round "8"]
[White "Solovjov, Alexandr"]
[Black "Omariev, Maksim"]
[Result "0-1"]
[WhiteElo "2237"]
[BlackElo "2304"]
[PlyCount "48"]
[EventDate "2024.09.17"]
[EventType "swiss (blitz)"]
[EventRounds "11"]
[EventCountry "USA"]
[SourceTitle "EXT 2025"]
[Source "ChessBase"]
[SourceDate "2024.10.14"]
[SourceVersion "1"]
[SourceVersionDate "2024.10.14"]
[SourceQuality "1"]

1. e4 c5 2. Nf3 d6 3. d4 cxd4 4. Nxd4 Nf6 5. Nc3 a6 6. Be3 e6 7. f4 Nbd7 8. Qf3 Qc7 9. 0-0-0 b5 10. g4 Bb7 11. g5 b4 12. gxf6 bxc3 13. f5 cxb2+ 14. Kb1 e5 15. fxg7 Bxg7 16. Nb3 Rc8 17. Bd3 Bf6 18. h4 Ke7 19. c4 a5 20. Kxb2 a4 21. Nd2 Qa5 22. a3 Rb8 23. Ka2 Qc3 24. Ba7 Bxe4 0-1

[Event "Titled Tuesday intern op 27th Aug Early"]
[Site "Chess.com INT"]
[Date "2024.08.27"]
[Round "9"]
[White "Solovjov, Alexandr"]
[Black "Toktomushev, Teimur"]
[Result "0-1"]
[WhiteElo "2237"]
[BlackElo "2279"]
[PlyCount "122"]
[EventDate "2024.08.27"]
[EventType "swiss (blitz)"]
[EventRounds "11"]
[EventCountry "USA"]
[SourceTitle "EXT 2025"]
[Source "ChessBase"]
[SourceDate "2024.10.14"]
[SourceVersion "1"]
[SourceVersionDate "2024.10.14"]
[SourceQuality "1"]

1. e4 c5 2. Nf3 e6 3. d4 cxd4 4. Nxd4 a6 5. Nc3 b5 6. Bd3 Bb7 7. a3 Nc6 8. Nb3 Nf6 9. 0-0 Qc7 10. f4 d6 11. Qe2 Be7 12. Be3 0-0 13. Rae1 Rac8 14. g4 b4 15. axb4 Nxb4 16. g5 Nd7 17. Qh5 g6 18. Qh4 Nc5 19. Nxc5 dxc5 20. Rf3 h5 21. b3 Nxd3 22. cxd3 Rfd8 23. Bf2 Qb6 24. Qg3 Qxb3 25. Ne2 c4 26. dxc4 Qxc4 27. Nd4 Rxd4 28. Bxd4 Qxd4+ 29. Qf2 Qxf2+ 30. Kxf2 Rc2+ 31. Kg3 Rc4 32. Rfe3 a5 33. f5 Bxg5 34. Rb3 Bxe4 35. fxe6 fxe6 36. Rb8+ Kg7 37. Rb5 Kf6 38. Rxa5 Bf5 39. Rea1 Bf4+ 40. Kf2 Be5 41. Re1 Rc2+ 42. Kg1 Bxh2+ 43. Kh1 Bg3 44. Rf1 Bd6 45. Ra4 Bc5 46. Rfa1 g5 47. R1a2 Rxa2 48. Rxa2 h4 49. Ra5 g4 50. Rxc5 e5 51. Rc6+ Kg5 52. Rc4 g3 53. Kg2 e4 54. Rc5 Kf4 55. Rc4 h3+ 56. Kg1 Kf3 57. Rc3+ e3 58. Rc5 h2+ 59. Kh1 Be4 60. Rf5+ Ke2+ 61. Rf3 Bxf3# 0-1

[Event "Titled Tuesday intern op 30th Jul Early"]
[Site "Chess.com INT"]
[Date "2024.07.30"]
[Round "5"]
[White "Buscar, Michael"]
[Black "Solovjov, Alexandr"]
[Result "1-0"]
[WhiteElo "2041"]
[BlackElo "2237"]
[PlyCount "78"]
[EventDate "2024.07.30"]
[EventType "swiss (blitz)"]
[EventRounds "11"]
[EventCountry "USA"]
[SourceTitle "EXT 2025"]
[Source "ChessBase"]
[SourceDate "2024.10.14"]
[SourceVersion "1"]
[SourceVersionDate "2024.10.14"]
[SourceQuality "1"]

1. d4 Nf6 2. c4 g6 3. Nc3 Bg7 4. e4 0-0 5. Nf3 d6 6. Be2 e5 7. d5 a5 8. h3 Na6 9. Be3 Nd7 10. g4 Ndc5 11. Qc2 Nb4 12. Qb1 f5 13. gxf5 gxf5 14. Bg5 Qe8 15. a3 Nba6 16. Rg1 Kh8 17. b4 Nxe4 18. Nxe4 fxe4 19. Nh4 Bxh3 20. Qxe4 Qf7 21. Be3 axb4 22. Rh1 Bf5 23. Nxf5 Qxf5 24. Qxf5 Rxf5 25. axb4 e4 26. Ra4 Raf8 27. Kd2 Rxf2 28. Bxf2 Rxf2 29. Ke3 Rg2 30. c5 dxc5 31. Bxa6 bxa6 32. bxc5 Rg3+ 33. Kf4 Rc3 34. Rxa6 h6 35. Rc6 e3 36. Rxc7 e2 37. Re1 Rd3 38. d6 Rd5 39. Rxe2 Bd4 1-0

[Event "Titled Tuesday intern op 30th Jul Early"]
[Site "Chess.com INT"]
[Date "2024.07.30"]
[Round "9"]
[White "George Samir, David"]
[Black "Solovjov, Alexandr"]
[Result "0-1"]
[WhiteElo "2104"]
[BlackElo "2237"]
[PlyCount "56"]
[EventDate "2024.07.30"]
[EventType "swiss (blitz)"]
[EventRounds "11"]
[EventCountry "USA"]
[SourceTitle "EXT 2025"]
[Source "ChessBase"]
[SourceDate "2024.10.14"]
[SourceVersion "1"]
[SourceVersionDate "2024.10.14"]
[SourceQuality "1"]

1. e4 c5 2. Nc3 e6 3. f4 Nc6 4. Nf3 g6 5. Bc4 Bg7 6. 0-0 Nge7 7. d3 d5 8. Bb3 0-0 9. Qe1 Nd4 10. Nxd4 cxd4 11. Ne2 dxe4 12. dxe4 d3 13. cxd3 Qxd3 14. Ng3 b6 15. Be3 Bxb2 16. Rd1 Qc3 17. Qf2 Qg7 18. e5 Ba3 19. Ne4 Nf5 20. Kh1 Nxe3 21. Qxe3 Be7 22. Rf3 Bb7 23. Rd7 Bxe4 24. Qxe4 Bc5 25. Bxe6 Rad8 26. Bxf7+ Qxf7 27. e6 Qf6 28. h3 Rfe8 0-1

[Event "Titled Tuesday intern op 30th Jul Early"]
[Site "Chess.com INT"]
[Date "2024.07.30"]
[Round "6"]
[White "Solovjov, Alexandr"]
[Black "Guzman Lozano, Campo Elias"]
[Result "1-0"]
[WhiteElo "2237"]
[BlackElo "1868"]
[PlyCount "55"]
[EventDate "2024.07.30"]
[EventType "swiss (blitz)"]
[EventRounds "11"]
[EventCountry "USA"]
[SourceTitle "EXT 2025"]
[Source "ChessBase"]
[SourceDate "2024.10.14"]
[SourceVersion "1"]
[SourceVersionDate "2024.10.14"]
[SourceQuality "1"]

1. e4 c6 2. d4 d5 3. Nc3 dxe4 4. Nxe4 Nd7 5. Nf3 Ngf6 6. Nxf6+ Nxf6 7. Bc4 Bg4 8. c3 e6 9. h3 Bh5 10. g4 Bg6 11. Ne5 Bd6 12. Bf4 Nd5 13. Bg3 Be4 14. 0-0 0-0 15. Qe2 Bg6 16. f4 Bxe5 17. Qxe5 Nb6 18. Bb3 Kh8 19. Rae1 a5 20. f5 exf5 21. gxf5 Bh5 22. f6 g6 23. Qg5 Qd7 24. Qh6 Rg8 25. Kh2 a4 26. Re7 Qxe7 27. fxe7 axb3 28. Be5+ 1-0

[Event "Titled Tuesday intern op 23rd Jul Early"]
[Site "Chess.com INT"]
[Date "2024.07.23"]
[Round "6"]
[White "Solovjov, Alexandr"]
[Black "Slate, Kent"]
[Result "0-1"]
[WhiteElo "2237"]
[BlackElo "2065"]
[PlyCount "56"]
[EventDate "2024.07.23"]
[EventType "swiss (blitz)"]
[EventRounds "11"]
[EventCountry "USA"]
[SourceTitle "EXT 2025"]
[Source "ChessBase"]
[SourceDate "2024.10.14"]
[SourceVersion "1"]
[SourceVersionDate "2024.10.14"]
[SourceQuality "1"]

1. e4 d5 2. exd5 c6 3. dxc6 Nxc6 4. Nf3 e5 5. d3 f5 6. Nc3 Nf6 7. Bg5 Bd6 8. g3 Qb6 9. Bxf6 gxf6 10. Nd5 Qa5+ 11. Nc3 Ba3 12. bxa3 Qxc3+ 13. Nd2 Nd4 14. Rc1 e4 15. Bg2 exd3 16. 0-0 Ne2+ 17. Kh1 Nxc1 18. Re1+ Kf8 19. Qxc1 Qxc2 20. Qa1 Kf7 21. Bd5+ Kg6 22. Nf3 Qc5 23. Nh4+ Kg7 24. Qb2 Qxd5+ 25. Kg1 Be6 26. Nxf5+ Qxf5 27. Qxb7+ Bf7 28. Re7 Rhf8 0-1

[Event "Titled Tuesday intern op 23rd Jul Early"]
[Site "Chess.com INT"]
[Date "2024.07.23"]
[Round "8"]
[White "Ternault, Mathieu"]
[Black "Solovjov, Alexandr"]
[Result "1/2-1/2"]
[WhiteElo "2332"]
[BlackElo "2237"]
[PlyCount "140"]
[EventDate "2024.07.23"]
[EventType "swiss (blitz)"]
[EventRounds "11"]
[EventCountry "USA"]
[SourceTitle "EXT 2025"]
[Source "ChessBase"]
[SourceDate "2024.10.14"]
[SourceVersion "1"]
[SourceVersionDate "2024.10.14"]
[SourceQuality "1"]

1. d4 Nf6 2. Nf3 g6 3. Bg5 Bg7 4. Nbd2 d5 5. e3 c5 6. c3 0-0 7. Be2 b6 8. a4 cxd4 9. exd4 a6 10. 0-0 Nc6 11. Re1 h6 12. Bh4 Bf5 13. Bg3 g5 14. Ne5 Nxe5 15. Bxe5 Ne4 16. Bxg7 Kxg7 17. Nxe4 Bxe4 18. Bd3 Bxd3 19. Qxd3 e6 20. Re5 Qf6 21. Rf1 Qg6 22. Qe2 Rfb8 23. f4 gxf4 24. Rxf4 Kh7 25. Re3 Rg8 26. Rg3 Qb1+ 27. Rf1 Qe4 28. Rxf7+ Kh8 29. Qxe4 dxe4 30. Rxg8+ Rxg8 31. Rf4 b5 32. axb5 axb5 33. Rxe4 Rg6 34. g3 b4 35. c4 Kg7 36. Kf2 Kf6 37. Kf3 Rg8 38. d5 exd5 39. cxd5 Rd8 40. Rxb4 Rxd5 41. h4 h5 42. Kf4 Kg6 43. Rb6+ Kg7 44. b4 Kh7 45. Ke4 Rd1 46. b5 Rg1 47. Kf3 Rb1 48. Rb8 Rb4 49. Kg2 Kg7 50. Kh3 Kh7 51. b6 Kg7 52. Kg2 Kh7 53. Kf3 Kg7 54. Ke3 Kh7 55. b7 Kg7 56. Kd3 Kh7 57. Kc3 Rb1 58. Kd4 Rb4+ 59. Ke5 Rb5+ 60. Kf6 Rb6+ 61. Kg5 Rb5+ 62. Kf4 Rb4+ 63. Kf5 Rb5+ 64. Ke6 Rb6+ 65. Kd7 Rb1 66. Kd6 Rd1+ 67. Ke5 Rb1 68. Kf4 Rb4+ 69. Kf3 Rb6 70. Kf4 Rb4+ 1/2-1/2

[Event "Titled Tuesday intern op 09th Jul Early"]
[Site "Chess.com INT"]
[Date "2024.07.09"]
[Round "10"]
[White "Gombocz, Ferenc Jr"]
[Black "Solovjov, Alexandr"]
[Result "1-0"]
[WhiteElo "2357"]
[BlackElo "2237"]
[PlyCount "85"]
[EventDate "2024.07.09"]
[EventType "swiss (blitz)"]
[EventRounds "11"]
[EventCountry "USA"]
[SourceTitle "EXT 2025"]
[Source "ChessBase"]
[SourceDate "2024.10.14"]
[SourceVersion "1"]
[SourceVersionDate "2024.10.14"]
[SourceQuality "1"]

1. c4 Nf6 2. g3 g6 3. Bg2 Bg7 4. Nc3 0-0 5. e4 d6 6. Nge2 Nbd7 7. 0-0 c6 8. d4 Nb6 9. b3 Qc7 10. Bb2 e5 11. d5 Bg4 12. f3 Bd7 13. h3 Rfd8 14. Kh2 h5 15. f4 h4 16. fxe5 hxg3+ 17. Nxg3 dxe5 18. d6 Qc8 19. c5 Bh6 20. Bc1 Bxc1 21. Rxc1 Bg4 22. hxg4 Nxg4+ 23. Kg1 Ne3 24. Qf3 Nxf1 25. Rxf1 Qe6 26. cxb6 Rxd6 27. bxa7 Rxa7 28. Rd1 Rxd1+ 29. Qxd1 b5 30. b4 Rd7 31. Qc2 Qc4 32. a3 c5 33. Nge2 cxb4 34. axb4 Qxb4 35. Nd5 Qe1+ 36. Kh2 Qh4+ 37. Bh3 Qf2+ 38. Bg2 Qh4+ 39. Kg1 Qe1+ 40. Bf1 Ra7 41. Qc8+ Kg7 42. Qb8 Ra1 43. Qxe5+ 1-0